00594nam a2200193 a 4500001001300000003000900013005001700022008004100039020001000080082001600090100002200106245005700128260003500185300000800220500003500228505010000263650001500363700002200378nice12345678IN_TiNIC20260116012158.0050524s1968 hyda grp 000 0 eng  ac10000a211.6bKHA1 aKhan, Mahmood Ali aReligion as Basis of National Integration in Indian. aHyderabadbShivaji Pressc1968 a73p aincludes index and biblioraphy2 aNational Integration Series pub by Instt. of Indo-Middle East cultural studies Hyderabad-India. aSecularism1 aKhan, Mahmood Ali